00566nam a22001817a 450000500170000001000150001702000260003203500140005803700130007208200110008510000250009624500770012126000460019827000550024430000300029949000360032950000190036520171013141733.0 aENG-120219 a9788189430450c150.00 aEN-103751 bDBAD/PUB a230.35 aParamhansa Yogananda aHow to have courage, calmness, and confidence /cby Paramhansa Yogananda aGurgaonbAnanda Sangha Publicationsc2011 aB-10/8 DLF City Phase IbGurgaon (Haryana)e122002 a163p. :c18cm.(pbk)bill. aThe Wisdom of Yognanda Volume-5 aIncludes index